000 00929nam a22002657a 4500
001 101046
003 UA-OsUOA
005 20251212093440.0
007 ta
008 20130604b un ||||| |||| 00| 0 ukr d
040 _aUA-OsUOA
_brus
_cUA-OsUOA
_dUA-OsUOA
041 _arus
080 _a821.161.1
090 _a821.161.1
_bЧ-56
100 _aЧехов А. П.
_918185
245 _aПолное собрание сочинений и писем в тридцати томах
_cА. П. Чехов
246 3 1 _aПисьма в двенадцати томах
260 _aМ.
_bНаука
_c1976
300 _a654 с.
505 _gТ. 4
_tПисьма январь 1890 – февраль 1892
650 7 _a821 Художня література окремими мовами і мовними сім'ями
_2UDC
_917
942 _cBK
_2udc
955 _a3
999 _c387296
_d387296